zpět

Detail výsledku týmu

eSko-klub, Břeclav

Datum a čas kvízu

34 Celkem bodů Celkový počet nahraných bodů na tomto kvízu bez doplňovacích otázek.
3. Pořadí na kvízu Konečné umístění týmu na tomto kvízu.

Zaznamenané odpovědi

# Otázka Odpověď Body Výsledky
1. Vicepremiér Karel Havlíček, kt... Ropák roku 0
2. Britský ministr zdravotnictví... líbal a objímal svoji poradkyni 0
3. Legendární Slovanská epopej Al... Moravský Krumlov 1
4. K avizovanému spojení jednoho... Moneta 1
5. Minulý týden se rozhodlo o dvo... Montreal Canadiens, Tampa Bay Lightning 1
6. Toto téma vyhrálo minulý týden... gelato, sladoled 1
7. Jedna z nejoblíbenějších přích... stracciatella 1
8. Šmoulová zmrzlina je oblíbená... Belgie 0
9. Doplňte chybějící slovo do rek... tvarohová 1
10. Jeden z prvních dlouhometrážní... Nanuk 0